Especies de aves rapaces diurnas presentes en las cuchillas Buenavista y San Agustín : (Registro nro. 8019)
[ vista simple ]
| 000 -CABECERA | |
|---|---|
| Campo de control | 00654nam a22001817a 4500 |
| 005 - FECHA Y HORA DE LA ULTIMA TRANSACCION | |
| Campo de control | 20180803165522.0 |
| 008 - ELEMENTOS DE LONGITUD FIJA—INFORMACION GENERAL | |
| Campo de control | 131205b xxu||||| |||| 00| 0 spa d |
| 041 ## - IDIOMA | |
| Código de idioma para texto/pista de sonido o título separado | Español |
| 044 ## - PAÍS DE PUBLICACIÓN | |
| País de publicación | Colombia |
| 090 ## - CLASIFICACIÓN LOCAL | |
| Colección | IAVH |
| Consecutivo | 01583 |
| 100 1# - ASIENTO PRINCIPAL--NOMBRE PERSONAL | |
| Nombre personal | Márquez-Reyes, César |
| 245 10 - MENCION DE TITULO | |
| Título | Especies de aves rapaces diurnas presentes en las cuchillas Buenavista y San Agustín : |
| Parte restante del título | Textos e ilustraciones |
| Mención de responsabilidad | César Márquez-Reyes |
| 260 ## - PUBLICACION, DISTRIBUCION, ETC. (PIE DE IMPRENTA) | |
| Lugar de publicación, distribución, etc. | s.l. |
| Nombre del editor, distribuidor, etc. | Instituto de Investigación de Recursos Biológicos Alexander von Humboldt |
| -- | Corpochivor |
| Fecha de publicación, distribución, etc. | s.f. |
| 300 ## - DESCRIPCION FISICA | |
| Extensión | 26 p |
| Otros detalles físicos | il. |
| Dimensiones | 28 cm. |
| 650 ## - ASIENTO SECUNDARIO DE MATERIA - TERMINO TEMATICO | |
| Término temático o nombre geográfico como elemento de entrada | Aves |
| 650 ## - ASIENTO SECUNDARIO DE MATERIA - TERMINO TEMATICO | |
| Término temático o nombre geográfico como elemento de entrada | Aves rapaces |
| Subdivisión general | clasificación |
| 942 ## - ELEMENTOS ADICIONALES (KOHA) | |
| Sistema de clasificación | Local |
| Tipo de ítem | Impreso |
No hay ítems disponibles.